| 000 | 00755nam a22001937a 4500 | ||
|---|---|---|---|
| 005 | 20241128112549.0 | ||
| 010 | _aHIN-128848 | ||
| 020 |
_a9789394632042 _c375.00 |
||
| 035 | _aHN-101194 | ||
| 037 | _bDBAD | ||
| 082 | _aउ | ||
| 100 |
_aतिवार, विद्याभूषण _974199 |
||
| 245 |
_aप्रेयसी / _cविद्याभूषण तिवारी |
||
| 250 | _aप्रथम | ||
| 260 |
_aमुंबई _bसंस्कार साहित्तिय माला _c2023 |
||
| 270 |
_a407, कृष्णा विहार, टाटा कम्पाउंड _bमुंबई _e400058 |
||
| 300 |
_a218 पृ. _c22 सेमी (अजिल्द) |
||
| 942 |
_2ddc _cHN _hउ _mतिवारी |
||
| 999 |
_c207116 _d207116 |
||